000 00462nam a2200145Ia 4500
008 090124s9999 xx 000 0 und d
082 _b35715
245 _a नो सेंटिमेंटस् प्लीज
250 _a0
260 _bमराठे ह.मो.
_c2008
300 _a79
630 _a नो सेंटिमेंटस् प्लीज
730 _a नो सेंटिमेंटस् प्लीज
942 _cBOOK
999 _c200849
_d200849